NBA Top-Scoring Duos by Year - Statistics

General Stats
  • This quiz has been taken 11,001 times
  • The average score is 17 of 35
Answer Stats
Years City % Correct
2009, 2011, 2015, 2017 LeBron James
97%
2000, 2001, 2002, 2003, 2004 Kobe Bryant
93%
2016, 2019 Stephen Curry
92%
1994, 1995, 1998, 2000, 2001, 2002, 2003, 2004 Shaquille O'Neal
91%
1990, 1992, 1993, 1996, 1997 Michael Jordan
90%
2012, 2013, 2014, 2019 Kevin Durant
88%
2024 Luka Doncic
84%
1990, 1992, 1993, 1996, 1997 Scottie Pippen
84%
2018 James Harden
82%
2015, 2017, 2024 Kyrie Irving
81%
2012, 2013, 2021 Russell Westbrook
80%
2011 Dwyane Wade
79%
2016 Klay Thompson
76%
2025 Giannis Antetokounmpo
73%
2020, 2025 Damian Lillard
58%
2018 Chris Paul
53%
2006, 2008 Allen Iverson
52%
2023 Jayson Tatum
52%
2023 Jaylen Brown
51%
1994, 1995 Penny Hardaway
47%
2008, 2010 Carmelo Anthony
43%
2020 CJ McCollum
35%
2021 Bradley Beal
32%
2014 Serge Ibaka
29%
2009 Mo Williams
21%
2010 Chauncey Billups
15%
2022 DeMar DeRozan
14%
2022 Zach LaVine
11%
1998 Eddie Jones
10%
2006 Chris Webber
8%
2005, 2007 Gilbert Arenas
7%
1991 Chris Mullin
5%
2007 Antawn Jamison
4%
1991 Mitch Richmond
4%
2005 Larry Hughes
3%
No matching quizzes found
Score Distribution
Percent of People with Each Score
Percentile by Number Answered
Your Score History
You have not taken this quiz